Glycogen-rich clear cell carcinoma of the feline mammary gland: case report (Registro n. 329766)
[ somente texto ]
| 000 -LÍDER | |
|---|---|
| fixed length control field | 03035nab a2200325 i 4500 |
| 003 - CÓDIGO MARC DA AGÊNCIA CATALOGADORA | |
| Campo de controle | BR-BrBNA |
| 005 - DATA E HORA DA ÚLTIMA ATUALIZAÇÃO | |
| Campo de controle | 20250131100433.0 |
| 008 - CAMPO DE TAMANHO FIXO | |
| fixed length control field | 250131b2016 bl.|r|pooa||| 00| 0 eng | |
| 040 ## - FONTE DA CATALOGAÇÃO | |
| Agência catalogadora | BR-BrBNA |
| Idioma da catalogação | eng |
| 072 ## - CATEGORIA AGRIS | |
| Código AGRIS | L73 |
| Código do objeto | 5500 |
| 072 ## - CATEGORIA AGRIS | |
| Código AGRIS | L70 |
| 100 ## - ENTRADA PRINCIPAL - NOME PESSOAL | |
| Nome pessoal | Campos, C.B. |
| 100 ## - ENTRADA PRINCIPAL - NOME PESSOAL | |
| Nome pessoal | Gamba, C.O. |
| 100 ## - ENTRADA PRINCIPAL - NOME PESSOAL | |
| Nome pessoal | Damasceno, K.A. |
| 100 ## - ENTRADA PRINCIPAL - NOME PESSOAL | |
| Nome pessoal | Lavalle, E. |
| 100 ## - ENTRADA PRINCIPAL - NOME PESSOAL | |
| Nome pessoal | Cassali, G.D. |
| 245 ## - TÍTULO PRINCIPAL | |
| Título principal | Glycogen-rich clear cell carcinoma of the feline mammary gland: case report |
| 500 ## - NOTA GERAL | |
| Nota geral | <br/>Publicação online; 11 ref.; 2 tables; Summaries (En, Pt) |
| 942 ## - ADDED ENTRY ELEMENTS (KOHA) | |
| Koha item type | Analítica |
| 520 ## - NOTA DE RESUMO | |
| Nota de conteúdo | <br/><br/><br/>ABSTRACT - The aim of this report is to describe the first histopathological, immunohistochemical, and clinical characteristics of a feline glycogen-rich clear cell carcinoma (GRCCC). A Persian queen was admitted with mammary gland tumors and underwent radical unilateral mastectomy. Overall survival was considered 33 days and death was due to clinical evolution of the disease. Microscopic evaluation demonstrated epithelial cells arranged in a predominantly solid pattern, tumor cells presented an ample, granular, and foamy clear cytoplasm, and moderate cellular pleomorfism. The presence of cytoplasmatic glycogen was confirmed through diastase digestion followed by PAS staining. Histopathological and histochemical findings lead to the diagnosis of GRCCC with regional metastases.<br/><br/><br/>Keywords: feline, mammary gland, neoplasm, glycogen-rich clear cell carcinoma |
| 520 ## - NOTA DE RESUMO | |
| Nota de conteúdo | <br/><br/><br/>RESUMO - O objetivo deste relato de caso é descrever as características clínicas, histopatológicas e imunohistoquímicas do primeiro carcinoma mamário de células claras rico em glicogênio em felino. Uma gata persa foi atendida com tumores na glândula mamária e foi submetida à mastectomia radical unilateral. A sobrevida livre de doença foi considerada 33 dias, e o óbito foi devido à evolução da doença. A avaliação microscópica demonstrou células epiteliais arranjadas em um padrão predominantemente sólido, as células tumorais apresentaram um citoplasma claro, amplo, granular e espumoso e pleomorfismo celular moderado. A presença do glicogênio citoplasmático foi confirmada pela digestão pela diástase, seguida da coloração de PAS. Achados histopatológicos e histoquímicos levaram ao diagnóstico de carcinoma de células claras rico em glicogênio felino com metástase regional.<br/><br/><br/>Palavras-chave: glândula mamária, neoplasia, carcinoma de células claras rico em glicogênio felino |
| 650 ## - ASSUNTO - THESAGRO | |
| Cabeçalho tópico ou nome geográfico | GATO |
| 650 ## - ASSUNTO - THESAGRO | |
| Cabeçalho tópico ou nome geográfico | GLÂNDULA MAMÁRIA |
| 650 ## - ASSUNTO - THESAGRO | |
| Cabeçalho tópico ou nome geográfico | NEOPLASIA |
| 650 ## - ASSUNTO - THESAGRO | |
| Cabeçalho tópico ou nome geográfico | CARCINOMA |
| 650 ## - ASSUNTO - THESAGRO | |
| Cabeçalho tópico ou nome geográfico | VETERINÁRIA |
| 773 0# - ENTRADA ANALÍTICA | |
| Host Biblionumber | 1643 |
| Registro do item | 348181 |
| Imprenta | Belo Horizonte-MG Universidade Federal de Minas Gerais - Escola de Veterinaria 1983 |
| Outro identificador | 2025-0670 |
| Título | Arquivo Brasileiro de Medicina Veterinária e Zootecnia (Brazil) |
| ISSN | 0102-0935 |
| Colação | v. 68(5) p. 1117-1120; (2016) |
| Número de controle de registro | BR2024004627 |
| 856 ## - ACESSO E ENDEREÇO ELETRÔNICO | |
| Identificador uniforme de recurso - URI | https://www.scielo.br/j/abmvz/a/wcBRSs4BMgbtvDpgpKW4jMw/?format=pdf&lang=en |
Nenhum exemplar disponível.

BINAGRI